| 000 | 01222nam a2200241Ia 4500 | ||
|---|---|---|---|
| 001 | 18526 | ||
| 003 | GE_BSU | ||
| 008 | 181216s||||||||xx |||||||||||||| ||und|| | ||
| 020 | _aISBN 978-9941-23-278-7 | ||
| 040 | _cGE_BSU | ||
| 080 | _a821.111-312.4 | ||
| 100 | _aდოილი, ართურ კონან | ||
| 245 | _aშერლოკ ჰოლმსის თავგადასავალი | ||
| 245 | _cინგლ. თარგმნა ელგუჯა მაღრაძემ ; რედ.: თამარ გავაშელიშვილი, ლელა ტუღუში ; ილ. ნათია კვარაცხელია ; დიზაინერები: ია მახათაძე, ლადო ლომსაძე | ||
| 260 | _aთბილისი | ||
| 260 | _bბაკურ სულაკაურის გამ-ბ | ||
| 260 | _c2015 | ||
| 300 | _a328 გვ; 21 სმ. | ||
| 541 | _h9ლ.90თ. | ||
| 653 | _aშერლოკ ჰოლმსის თავგადასავალი | ||
| 653 | _aშინაარსი: ალისფერი კვალი; ბასკერვილების ძაღლი | ||
| 942 | _cBK | ||
| 999 |
_c51536 _d51536 |
||